000 00386nam a2200157Ia 4500
008 230917s9999||||xx |||||||||||||| ||und||
040 _e210384
_aMAIN
041 _aEnglish
082 _a515.35 R136A(15)
100 _aRaisinghania, M D
245 0 _aAdvanced differential equations
250 _a15th ed.
260 _aNew Delhi
_bS Chand
_c2012
300 _av.p p.
942 _cBK
999 _c176709
_d176709